| 000 | 00799cam a2200265 4500 | ||
|---|---|---|---|
| 001 | 7478 | ||
| 005 | 20230410115709.0 | ||
| 008 | 060907s2002 fr fre | ||
| 020 | _a2020611775 | ||
| 035 | _9funglode7542 | ||
| 041 | _afre | ||
| 050 | 1 | 4 |
_aHG 3881 _bZ66n 2002 |
| 082 | 0 | 0 | _a332.1/5 |
| 100 | 1 |
_aZiegler, Jean, _d1934- |
|
| 245 | 1 | 4 |
_aLes nouveaux maítres du monde : _bet ceux qui leur résistent / _cJean Ziegler |
| 260 |
_aParis : _bEditions Fayard, _c2002 |
||
| 300 | _a363 p. | ||
| 650 | 0 | _aFinancial institutions, International. | |
| 650 | 0 | _aInternational finance. | |
| 610 | 2 | 0 | _aWorld Trade Organization. |
| 650 | 4 | _aInstituciones financieras internacionales. | |
| 650 | 4 | _aEconomía internacional. | |
| 650 | 4 | _aMovimiento antiglobalización. | |
| 942 |
_2lcc _cbk |
||
| 999 |
_c46208 _d46208 |
||